000 00337nam a22001337a 4500
008 170706b xxu||||| |||| 00| 0 eng d
020 _a9780451527820
041 _aeng
080 _a82
100 _a22
101 _aGJL
245 _aBLACK VOICES AN ANTHOLOGY OF AFRICAN AMERICAN LITERATURE
_cCHAPMAN.A
942 _2udc
_cBK
999 _c19994
_d19994